000 00880nam a22002897a 4500
003 CHAP
005 20220329140231.0
008 971013s1963 r 00010 d
010 _a48981
011 _a49953
035 _a54103
040 _cCHAP
090 _aFolleto 141
110 _aPerú. Ministerio de Agricultura
_987240
245 _aTécnica de esquila
260 _aMéxico :
_bCentro Regional de Ayuda Técnica,
_c1963
300 _a63 p.
_b: ilus.
500 _a2 c. en bodega
590 _aBATCH-UPD
_b10
_c20130110
_lUCH01
_h2159
590 _aCONVERSION
_b10
_c20130109
_lUCH01
_h1327
650 1 4 _aGanado lanar
_xEsquila.
_945177
901 _aBK
942 _cFOLL
949 _aFolleto 141
_bBC
_cFOLL
_d-119568
_eTS1
_i54103
_si
949 _aFolleto 141
_bBC
_cFOLL
_d-119569
_eTS2
_fc.2
_i54103
_si
949 _aFolleto 141
_bBC
_cFOLL
_d-119570
_eTS2
_fc.3
_i54103
_si
999 _c48981
_d48981